LEADER 00703nam a2200193 i 4500 001 000000212950 003 CaOOAMICUS 005 20220817080038.0 008 120504s1876 it u000 u ger u 013 $a191800 040 $aSeMil$bita 100 1 $aHeine, Heinrich,$d<1797-1856>.$0(OLS)http://semarc/name/7584 245 10$a1: Reisebilder. 1. 300 $a210 p. 773 0 $aHeine, Heinrich <1797-1856>$tHeinrich Heine's Sämmtliche Werke.$dHamburg : Hoffmann und Campe, 1876.$w()26697 850 $aSeMil 852 $aSeMil$W1$xVenegono$y1$m1W I 8 FA$j163380$B163380$CSeMilBibl$Z2$F174485 $8I 996 $6245$a1: Reisebilder. 1$9(OLS)http://semarc/title/307244 LEADER 01035nam a2200253 i 4500 001 000000109395 003 CaOOAMICUS 005 20021105000000.0 008 021105s1980 it u000 u ita u 013 $a82075 040 $aSeMil$bita 100 1 $aPasinato, Antonio <1946->.$0(OLS)http://semarc/name/45935 245 10$aInvito alla lettura di Peter Weiss /$cAntonio Pasinato. 260 $aMilano :$bMursia,$ccopyr. 1980. 300 $a166 p. ;$c17 cm. 490 0 $aInvito alla lettura. Sezione straniera ;$v27 500 $aContiene : indice delle opere. 650 4$aWeiss, Peter.$0(OLS)http://semarc/subject/19361 830 0$aInvito alla lettura. Sezione straniera ;$v27.$0(OLS)http://semarc/title/9644 850 $aSeMil 852 $aSeMil$W1$xVenegono$y1$m58 7.1 27 *$j65390$B65390$CSeMilBibl$Z2$F72819 $81 961 $aRecupero: Biblioteca Seminario Liceale 996 $6245$aInvito alla lettura di Peter Weiss$9(OLS)http://semarc/title/158807 996 $6260$aMilano :$bMursia$9(OLS)http://semarc/publisher/30230